Family Tree Quiz Stats

 Plays Quiz Updated May 15, 2013

Also try: It's All Relative
Challenge
Share
Tweet
Score 0/42 Timer 08:00
0 Plays Today
Family Member % Correct
Great Grandfather
97.5%
Great Grandmother
97%
Grandfather
86.6%
Grandmother
86.5%
Great Aunt
82.5%
Great Uncle
82.3%
Mother
78.1%
Father
77.8%
Aunt
77.8%
Uncle
77.1%
Stepmother
73.8%
Stepfather
72.5%
Brother
71%
Sister
70.8%
Sister-in-Law
69.7%
1st Cousin
69.2%
Brother-in-Law
68.9%
Son
65.3%
Daughter
63.7%
Daughter-in-Law
63.2%
Son-in-Law
62.5%
Family Member % Correct
Nephew
62.2%
Niece
62.1%
Wife
61.2%
Half Brother
60.7%
Half Sister
60.3%
Mother-in-Law
59.8%
Father-in-Law
59.8%
Grandson
59.1%
Husband
59%
Granddaughter
58.7%
Ex-Husband
57.7%
2nd Cousin
57.3%
Ex-Wife
56.5%
Stepbrother
55.5%
Stepsister
55.3%
Stepson
53.8%
Stepdaughter
53.7%
1st Cousin Once Removed
43.1%
2nd Cousin Once Removed
38.8%
2nd Cousin Twice Removed
34.2%
1st Cousin Twice Removed
25.6%

You're not logged in!

Compare scores with friends on all Sporcle quizzes.
Join for Free
OR
Log In

You Might Also Like...

Show Comments

Extras

Top Quizzes Today


Score Distribution

Your Account Isn't Verified!

In order to create a playlist on Sporcle, you need to verify the email address you used during registration. Go to your Sporcle Settings to finish the process.

Report this User

Report this user for behavior that violates our Community Guidelines.

Details: